| 000 | 00930nam a22003137a 4500 | ||
|---|---|---|---|
| 003 | CHAP | ||
| 005 | 20220329135510.0 | ||
| 008 | 971013s r 00010 d | ||
| 010 | _a37605 | ||
| 011 | _a38577 | ||
| 035 | _a42697 | ||
| 040 | _cCHAP | ||
| 082 |
_a332.4 _bP38Y |
||
| 100 | 0 | 0 |
_aPatinkin, Don. _986171 |
| 245 |
_aDinero _b: intereses y precios |
||
| 260 |
_aMadrid : _bAguilar |
||
| 300 |
_a529 p. _b: ilus. |
||
| 590 |
_aBATCH-UPD _b10 _c20130110 _lUCH01 _h1402 |
||
| 590 |
_aBATCH-UPD _b10 _c20130410 _lUCH01 _h0852 |
||
| 590 |
_aBATCH-UPD _b10 _c20130914 _lUCH01 _h1204 |
||
| 590 |
_aCONVERSION _b10 _c20130109 _lUCH01 _h1321 |
||
| 650 | 1 | 4 |
_aDinero. _932616 |
| 650 | 1 | 4 |
_aInterés y usura. _960146 |
| 650 | 1 | 4 |
_aPrecios. _991344 |
| 901 | _aBK | ||
| 942 | _cLIBRO | ||
| 949 |
_a332.4 P38Y _bBC _cLIBRO _d33724000337507 _eLIBRO _i42697 _si |
||
| 949 |
_a332.4 P38Y _bBC _cLIBRO _d33724002205595 _eLIBRO _fc.2 _h2955 _i42697 _si |
||
| 999 |
_c37605 _d37605 |
||